| 000 | 00949nam a2200313Ia 4500 | ||
|---|---|---|---|
| 001 | C5873 | ||
| 003 | IT-RoPAU | ||
| 008 | 130308s9999 xx 000 0 und d | ||
| 040 | _aIT-RoPAU | ||
| 040 | _cIT-RoPAU | ||
| 041 | _aFRANCESE | ||
| 100 | _aFuchs Catherine | ||
| 100 | _gCodice Aut. SPICS: 6393 | ||
| 245 | _aSyntaxe | ||
| 245 | _bLinguistique et Traitements Automatiques des Langues | ||
| 250 | _a1a ed. | ||
| 260 | _aPARIS | ||
| 260 | _bHachette | ||
| 260 | _c1993 [1° Ed.:1993 - Ed.Ling.Originale:1993] | ||
| 300 | _a"34 p. (prefazione: no ; testo: 34 [pagine: 105-138])" | ||
| 500 | _aSintassi. Fenomeni Sintattici. Specificità del Lavoro di riconoscimento Automatico. Formalismi Sintattici. Analizzatori Sintattici: Principi. | ||
| 650 | _aLINGUISTICA | ||
| 650 | _eCodice materia Spics: 3201 | ||
| 700 | _aVictorri Bernard | ||
| 700 | _gCodice Aut. SPICS: 41894 | ||
| 942 | _cBK | ||
| 957 | _71 | ||
| 999 |
_c77860 _d77860 |
||
| 999 | _g1 | ||